Cenné papiere a finančný trh
Uložené v:
| Hlavný autor: | |
|---|---|
| Ďalší autori: | |
| Médium: | Kniha |
| Jazyk: | Slovak |
| Vydavateľské údaje: |
Bratislava
MIKA Conzult
1999
|
| Predmet: | |
| Tagy: |
Žiadne tagy, Buďte prvý, kto otaguje tento záznam!
|
MARC
| LEADER | 00000nam a2200000 4500 | ||
|---|---|---|---|
| 001 | c110078 | ||
| 005 | 20230111124513.1 | ||
| 020 | |a 80-967295-7-8 | ||
| 041 | 0 | |a slo | |
| 044 | |a SK | ||
| 245 | 1 | 0 | |a Cenné papiere a finančný trh |c Marek Kudzbel, Čestmír Gříbek |
| 264 | 1 | |a Bratislava |b MIKA Conzult |c 1999 | |
| 300 | |a 144 s. | ||
| 610 | 2 | 0 | |a trh finančný |
| 610 | 2 | 0 | |a papiere cenné |
| 610 | 2 | 0 | |a nástroje finančné |
| 610 | 2 | 0 | |a investovanie |
| 610 | 2 | 0 | |a anuita |
| 610 | 2 | 0 | |a hodnota |
| 610 | 2 | 0 | |a trh peňažný |
| 610 | 2 | 0 | |a poukážky pokladničné |
| 610 | 2 | 0 | |a certifikáty |
| 610 | 2 | 0 | |a zmenky |
| 610 | 2 | 0 | |a šeky |
| 610 | 2 | 0 | |a eskont |
| 610 | 2 | 0 | |a konosament |
| 610 | 2 | 0 | |a akcie |
| 610 | 2 | 0 | |a spoločnosti akciové |
| 610 | 2 | 0 | |a emisia |
| 610 | 2 | 0 | |a imanie základné |
| 610 | 2 | 0 | |a listy podielové |
| 610 | 2 | 0 | |a dlhopisy |
| 610 | 2 | 0 | |a burzy peňažné |
| 610 | 2 | 0 | |a obchody burzové |
| 610 | 2 | 0 | |a deriváty |
| 610 | 2 | 0 | |a forwardy |
| 610 | 2 | 0 | |a futurity |
| 610 | 2 | 0 | |a swap |
| 610 | 2 | 0 | |a opcie |
| 100 | 1 | |a Kudzbel, Marek | |
| 700 | 1 | |a Gříbek, Čestmír | |